000 00571nam a2200217Ia 4500
001 867
003 GE_BSU
008 181216s||||||||xx |||||||||||||| ||und||
040 _cGE_BSU
080 _a551.8(479.22)+794(479.22)
100 _aДжанелидзе,Ч.П.
245 _aПалеография Грузии в голоцене
260 _aТбилиси
260 _bМецниереба
260 _c1980
300 _a177стр.
541 _h6л.
653 _aПалеография
653 _aПалеография Грузии
942 _cBK
999 _c35028
_d35028